|
|
|
|
| LEADER |
00000nam0a2200000 4500 |
| 001 |
165632 |
| 005 |
20231101222551.0 |
| 010 |
|
|
|a 0582273536
|
| 035 |
|
|
|a (RuTPU)RU\TPU\book\179673
|
| 035 |
|
|
|a RU\TPU\book\22471
|
| 090 |
|
|
|a 165632
|
| 100 |
|
|
|a 20090921d2004 m y0engy50 ba
|
| 101 |
0 |
|
|a eng
|
| 102 |
|
|
|a GB
|
| 105 |
|
|
|a a j 000zy
|
| 200 |
1 |
|
|a Matters. Advanced
|e Students' Book
|f J. Bell, R. Gower
|
| 205 |
|
|
|a 8th ed.
|
| 210 |
|
|
|a Harlow
|c Longman
|d 2004
|
| 215 |
|
|
|a 192 p.
|c il.
|
| 606 |
1 |
|
|a Английский язык
|x Учебные руководства и пособия
|x Пособия по развитию речи, разговорники
|2 stltpush
|3 (RuTPU)RU\TPU\subj\29074
|9 52486
|
| 610 |
1 |
|
|a лексика
|
| 610 |
1 |
|
|a разговорная речь
|
| 610 |
1 |
|
|a упражнения
|
| 686 |
|
|
|a Ш143.21-923
|v LBC/SL-A
|2 rubbk
|
| 700 |
|
1 |
|a Bell
|b J.
|g Jan
|
| 701 |
|
1 |
|a Gower
|b R.
|g Roger
|
| 801 |
|
0 |
|a RU
|b 63413507
|c 20011209
|g PSBO
|
| 801 |
|
2 |
|a RU
|b 63413507
|c 20200527
|g PSBO
|
| 942 |
|
|
|c BK
|